[Event "Vasteras Open 2018"]
[Site "Vasteras"]
[Date "2018.09.29"]
[Round "5"]
[White "Blomstrom, Lars"]
[Black "Von Bahr, Oskar"]
[Result "1-0"]
[WhiteElo "2166"]
[BlackElo "2418"]
[Annotator "TA"]
[PlyCount "115"]
[EventDate "2018.09.28"]
[EventCountry "SWE"]
[SourceTitle "playchess.com"]
[Source "ChessBase"]
[SourceQuality "1"]

{[%evp 14,115,-9,-25,-21,-25,0,0,-8,0,0,0,0,-4,-6,-9,18,19,23,14,16,19,31,19,20,0,0,0,0,0,0,0,0,0,0,0,0,-16,-12,-16,-16,-24,-18,-17,0,0,0,-2,-2,-8,-10,-32,-18,-23,-16,-10,0,0,0,0,-3,-8,-5,-3,0,-8,0,-7,0,-18,14,-16,-5,-29,-23,-35,-11,-44,-35,-87,-32,-282,-163,-133,-7,-66,-69,-73,-10,-91,-95,-87,-55,-55,-61,-119,-133,-182,-172,-156,-87,-90,632,616]} 1. e4 e5 2. Nf3 Nc6 3. Bc4 Bc5 4. c3 Nf6 5. d3 O-O 6. Bb3 {C54: Giuoco Piano: 4 c3 Nf6, main lines with 5 d4 and 5 d3} (6. O-O d5 7. exd5 Nxd5 8. a4 Bf5 9. Nbd2 Nb6 10. Bb5 Bxd3 11. Re1 e4 12. Nxe4 Bxe4 13. Qxd8 Rfxd8 14. Rxe4 Rd1+ 15. Re1 Rxe1+ 16. Nxe1 {½-½ (55) Vachier Lagrave,M (2779)-Nakamura,H (2777) Saint Louis 2018}) 6... d5 7. exd5 Nxd5 8. h3 {LiveBook: 4 Games. The position is equal.} Bf5 9. O-O Qd7 10. d4 $146 ({Predecessor:} 10. Re1 Nf4 11. Bxf4 exf4 12. d4 Bd6 13. Bc2 Bxh3 14. Bxh7+ Kxh7 {1-0 (36) Svitojus,Z (1933)-Kybartas,G (1748) Panevezys 2011}) 10... exd4 11. cxd4 Bb4 12. a3 Ba5 13. Bd2 Bxd2 14. Qxd2 Bxb1 15. Raxb1 Rad8 16. Rbc1 Qd6 17. Rfe1 Nce7 18. Ba2 c6 19. Bb1 Ng6 20. g3 Rfe8 21. Rxe8+ Rxe8 22. Re1 Rd8 (22... Rxe1+ {seems wilder.} 23. Qxe1 Qd7 24. h4 f6 25. Qe4 Nf8) 23. Qg5 Qf6 24. Qxf6 Nxf6 25. Kf1 Kf8 26. Bc2 Ne7 27. Rd1 Nc8 28. Ne5 Nd6 29. Bb3 Nfe8 30. h4 Nc7 31. Nf3 g6 32. Bc2 h6 33. Rd3 f6 34. Rd1 g5 35. hxg5 hxg5 36. Kg2 Re8 37. Kf1 Nc4 38. Bb3 Nd6 ({Don't go for} 38... Nxb2 $2 39. Rd2 $18) 39. Bc2 a6 40. Bd3 Nd5 41. Bc2 g4 42. Ng1 Nb6 43. b3 Nd5 44. Ne2 a5 45. Rd3 Kf7 46. Bb1 (46. Rd1 $15) 46... Nb5 (46... Ne4 $17) 47. a4 $2 {[#]} (47. Rd2 $1 $15) 47... Na3 (47... Rxe2 $142 $1 {[%mdl 512]} 48. Kxe2 Nbc3+ 49. Ke1 Nxb1) 48. Ba2 $19 Nc2 ({Black should try} 48... Nb4 $17 49. Rd2 Rh8) 49. Rd2 ({White should play} 49. Bb1 $11 Na3 50. Ba2) 49... Ncb4 $15 50. Bb1 {[#]} Rg8 (50... Ke6 $1 $17) 51. Bd3 (51. Kg2 $11 {keeps the balance.}) 51... Nxd3 $17 52. Rxd3 {[%mdl 4096] Endgame KRN-KRN} Rh8 53. Kg2 Ke6 54. Rd1 (54. f3 $15) 54... Kf5 55. Rc1 {[#]} Ke4 $1 56. Rc5 Kd3 (56... Rh5 $142 57. Nc1 Rg5) 57. Nf4+ Kxd4 $2 {[%mdl 8192]} (57... Nxf4+ $17 58. gxf4 Kxd4 59. Rxa5 Rh3) 58. Rc4+ {Precision: White = 42%, Black = 34%.} 1-0

[Event "Vasteras Open 2018"]
[Site "Vasteras"]
[Date "2018.09.29"]
[Round "5"]
[White "Blomstrom, Lars"]
[Black "Von Bahr, Oskar"]
[Result "*"]
[WhiteElo "2166"]
[BlackElo "2418"]
[Annotator "TA"]
[PlyCount "28"]
[EventDate "2018.09.28"]
[EventCountry "SWE"]
[SourceTitle "playchess.com"]
[Source "ChessBase"]
[SourceQuality "1"]

{[%evp 16,18,-21,-32,-8]} 1. e4 e5 2. Nf3 Nc6 3. Bc4 Bc5 4. c3 Nf6 5. d3 O-O 6. Bb3 {C54: Giuoco Piano: 4 c3 Nf6, main lines with 5 d4 and 5 d3} (6. O-O d6 7. Re1 h6 8. Nbd2 a5 9. Nf1 Bb6 10. Be3 Bxe3 11. Nxe3 Be6 12. Bb5 Ne7 13. Ba4 Ng6 14. Bc2 Re8 15. d4 {1-0 (54) Vachier Lagrave,M (2789)-Caruana,F (2816) Paris 2018}) 6... d5 7. exd5 Nxd5 8. h3 Bf5 9. O-O {LiveBook: 3 Games} Qd7 {Predecessor:} 10. Re1 $146 Nf4 11. Bxf4 exf4 12. d4 Bd6 13. Bc2 Bxh3 14. Bxh7+ Kxh7 {1-0 (36) Svitojus,Z (1933)-Kybartas,G (1748) Panevezys 2011} *

[Event "Vasteras Open 2018"]
[Site "Vasteras"]
[Date "2018.09.29"]
[Round "5"]
[White "Fors, Tomas"]
[Black "Kucuksari, Kaan"]
[Result "0-1"]
[WhiteElo "2138"]
[BlackElo "2327"]
[Annotator "TA"]
[PlyCount "150"]
[EventDate "2018.09.28"]
[EventCountry "SWE"]
[SourceTitle "playchess.com"]
[Source "ChessBase"]
[SourceQuality "1"]

{[%evp 19,150,-9,-9,-18,4,-14,-7,-28,-23,-62,-67,-68,42,47,58,-62,-61,-118,-91,-135,-108,-235,-154,-234,-150,-124,-102,-205,-172,-172,-166,-167,-115,-185,-179,-190,-210,-370,-386,-387,-398,-461,-443,-593,-335,-362,-363,-351,-364,-327,-342,-989,-965,-1625,-1791,-2185,-2183,-1459,-1523,-1209,-1209,-1140,-982,-1395,-1323,-879,-418,-400,0,-872,0,-385,-262,-660,-218,-29982,-29983,-29951,0,-1857,-239,-487,-477,-411,-100,-100,0,-341,0,-100,-39,-169,-64,-68,-68,-66,-71,-170,-170,-190,-190,-190,-190,-190,-190,-177,-12,-12,-12,-404,-404,-420,-452,-29958,-29959,-29958,-29960,-29959,-29961,-29959,-29961,-29962,-29963,-29961,-29964,-29962,-29964,-29964,-29965,-29961,-29966,-29965,-29966]} 1. d4 Nf6 2. c4 e6 3. Nc3 Bb4 4. e3 d5 5. Nge2 O-O 6. a3 Be7 7. cxd5 exd5 8. Ng3 c6 {E46: Nimzo-Indian: Rubinstein: 4 e3 0-0 5 Ne2 without early Bd3} 9. Bd3 Re8 10. O-O Bd6 {LiveBook: 4 Games. The position is equal.} 11. f3 Na6 $146 ({Predecessor:} 11... Qc7 12. Nce2 c5 13. dxc5 Bxc5 14. Nd4 Nc6 15. Kh1 Bd7 16. b4 Bb6 {½-½ (62) Souza Neves,A (2205)-Reis,R (2247) Manaus 2017}) 12. b4 Nc7 13. Nf5 Bf8 14. g4 {[%cal Bg2g4,Bg4g5][%mdl 32]} b5 15. Bd2 h5 (15... g6 $15 16. Ng3 Bb7) 16. g5 $14 Nd7 {[%cal Bf6d7,Bd7b6,Bb6c4][%mdl 32]} 17. h4 (17. f4 $1 $14) 17... Nb6 $15 18. Qc2 (18. Ng3 $15) 18... Nc4 19. Rfe1 Ne6 20. Re2 (20. f4 $17 {might work better.}) 20... g6 21. Ng3 (21. Bxc4 $17 bxc4 22. Ng3) 21... Bd6 22. f4 {Black should prevent Bxg6!} Ng7 23. Nd1 (23. Bxc4 $17 {was called for.} bxc4 24. b5) 23... Bg4 {Strongly threatening ...a5.} 24. Re1 Qd7 25. Nf2 Re7 (25... Bf5 $19 26. Qc3 Bxd3 27. Qxd3 a5 28. bxa5 Bc7) 26. e4 (26. Qc1 $17 {was the only defense.}) 26... Ne6 $1 $36 {[%cal Bg7e6,Be6d4,Bd4f3][%mdl 2080] Black is on the roll.} 27. Nxg4 hxg4 28. Bxc4 $2 (28. Bc3 Bxf4 29. Qf2) 28... Nxd4 (28... dxc4 29. Ne2 $17) ({Less strong is} 28... bxc4 29. Ne2 $17) 29. Qc3 {And now Be2 would win.} Nf3+ 30. Kf2 {Black must now prevent Be2.} bxc4 31. Red1 d4 32. Qxc4 Nxd2 33. Rxd2 Bxf4 34. Rxd4 Qc7 35. Rd3 $2 (35. Rg1 a5 36. Nf1) 35... Rae8 36. Re1 Bxg3+ $1 37. Rxg3 Qf4+ 38. Kg2 Rxe4 39. Rxe4 Rxe4 {[%mdl 4096] Endgame KQR-KQR} 40. Qd3 Kg7 41. Qc3+ Kh7 42. Qd3 Kg8 (42... Rd4 $142 43. Qe3 Rd2+ 44. Kg1 Qd6) 43. Qd8+ Kh7 (43... Kg7 $142 44. Qf6+ Qxf6 45. gxf6+ Kxf6) 44. Qd3 Kg7 (44... Rd4 $142 45. Qe3 Rd2+ 46. Kh1 Qd6) 45. Qc3+ Kf8 {( -> ...Re2+)} 46. Qd3 $2 (46. Qh8+ Ke7 47. Qb2) 46... Ke7 $2 ({Not} 46... Re1 47. Qd8+ Re8 48. Qd1 $17) (46... Rd4 47. Qe3 Qd6) 47. Kg1 $2 (47. Qc2 $19) 47... Re1+ 48. Kg2 {[#]} Re4 (48... a5 $142 $1 {[%mdl 512]} 49. Rxg4 (49. bxa5 c5) 49... Qxg4+ 50. Kf2 Qxh4+ 51. Kg2 Re4 52. Qg3 Re2+ 53. Kf1 Qxg3 54. Kxe2 a4 55. b5 cxb5 56. Kd2 Kd6 57. Ke2 Ke5 58. Kd2 Kd4 59. Kc2 Qh2+ 60. Kd1 Kd3 61. Ke1 Qg1#) 49. Kg1 $1 {and the idea Qc3 leaves White hopeful.} Qe5 $2 (49... Qc1+ 50. Kg2 Qe1) 50. Qc3 $2 (50. Kg2) 50... Re1+ 51. Kh2 Re2+ $2 (51... Qe4 $1 $19 {[%csl Ge1][%cal Re4h1] has better winning chances.} 52. Rg2 g3+ $1 {[%mdl 512]} 53. Qxg3 Re3) 52. Kg1 $17 Re1+ $2 (52... Qe6 $17 53. Kf1 Re4) 53. Kh2 $19 {intending Qxe5+.} Re2+ $2 (53... Qe4 $1 $19 {[%csl Ge1][%cal Re4h1]} 54. Rg2 g3+ $1 {[%mdl 512]} 55. Qxg3 Re3) 54. Kg1 $17 Qe4 ({Black should try} 54... Qe6 $17 {Threatens to win with ...Re1+.} 55. Kf1 Re4) 55. Qd3 {[#]} (55. Kf1 $1 $15) 55... Re1+ (55... Qe6 $1 $19 56. Qd4 Re1+ 57. Kh2 Qe2+ 58. Rg2 Qf1 59. Qf6+ Qxf6 60. gxf6+ Kxf6 61. Rxg4 Re2+ 62. Kg1 Re3) 56. Kf2 $15 Qxd3 $1 57. Rxd3 {KR-KR} Rh1 58. Rd4 (58. Rc3 $17) 58... Rxh4 $19 59. Kg2 Rh3 60. a4 Ra3 61. Re4+ Kd6 62. a5 {[#]} c5 $2 ({Black should play} 62... a6 $1 $19 {...Rf3 is the strong threat.} 63. Rd4+ Ke6 64. Re4+ Kd5) 63. bxc5+ $11 Kxc5 64. Rxg4 $2 {[%mdl 8192]} (64. Re7 $1 $11) 64... Rxa5 $19 65. Rf4 Kd6 66. Rxf7 (66. Rf6+ $19 Ke7 67. Kh3) 66... Rxg5+ {Black mates.} 67. Kh3 a5 68. Kh4 Rf5 69. Ra7 g5+ 70. Kg4 Re5 71. Ra6+ Kc7 72. Rh6 Kb7 73. Rh1 Ka6 74. Ra1 Kb5 75. Rb1+ Kc4 {Precision: White = 27%, Black = 43%.} 0-1

[Event "Vasteras Open 2018"]
[Site "Vasteras"]
[Date "2018.09.29"]
[Round "5"]
[White "Gillefalk, Bjorn"]
[Black "Ornstein, Axel"]
[Result "*"]
[WhiteElo "2107"]
[BlackElo "2306"]
[Annotator "TA"]
[PlyCount "31"]
[EventDate "2018.09.28"]
[EventCountry "SWE"]
[SourceTitle "playchess.com"]
[Source "ChessBase"]
[SourceQuality "1"]

{[%evp 19,20,0,0]} 1. e4 c5 2. Nf3 d6 3. d4 cxd4 4. Nxd4 Nf6 5. Nc3 Nc6 6. Bg5 e6 7. Qd2 Qb6 8. Nb3 Be7 {B60: Sicilian: Richter-Rauzer: Unusual Black 6th moves and 6...Bd7 without 7 Qd2} 9. Be2 O-O 10. O-O Rd8 {LiveBook: 6 Games} {Predecessor:} 11. Rad1 $146 a6 12. Be3 Qc7 13. f4 b5 14. Bf3 Bb7 15. Qf2 Nd7 16. Rd2 {½-½ (31) Zelcic,R (2554)-Jovanovic,Z (2539) Schwarzach 2009} *

[Event "Vasteras Open 2018"]
[Site "Vasteras"]
[Date "2018.09.29"]
[Round "5"]
[White "Gillefalk, Bjorn"]
[Black "Ornstein, Axel"]
[Result "1/2-1/2"]
[WhiteElo "2107"]
[BlackElo "2306"]
[Annotator "TA"]
[PlyCount "128"]
[EventDate "2018.09.28"]
[EventCountry "SWE"]
[SourceTitle "playchess.com"]
[Source "ChessBase"]
[SourceQuality "1"]

{[%evp 14,128,41,44,41,15,14,0,0,0,0,-4,0,-14,0,0,0,0,0,0,0,0,3,-15,52,56,66,50,83,60,64,61,108,119,119,118,124,134,131,127,130,129,147,112,134,129,140,135,138,112,129,127,122,133,126,100,85,9,9,6,9,0,0,0,0,0,0,0,0,0,0,0,0,0,0,0,0,0,0,0,0,-2,-8,-8,0,0,0,0,0,-31,-31,-31,-31,-30,-8,-8,-8,-59,-59,-275,-275,-275,-267,-267,-213,-182,-179,-172,-172,-172,-8,-8,-8,-8,-8,-8,-8]} 1. e4 c5 2. Nf3 d6 3. d4 cxd4 4. Nxd4 Nf6 5. Nc3 Nc6 6. Bg5 e6 7. Qd2 Qb6 8. Nb3 Be7 {B60: Sicilian: Richter-Rauzer: Unusual Black 6th moves and 6...Bd7 without 7 Qd2} 9. Be2 (9. Bxf6 Bxf6 10. Qxd6 Be5 11. Qa3 Qb4 12. Qxb4 Nxb4 13. O-O-O Ke7 14. a3 Nc6 15. Bb5 Nb8 16. Ne2 {1-0 (41) Gharamian,T (2614)-Edouard,R (2638) Nimes 2018}) 9... O-O 10. O-O Rd8 11. Rad1 a6 12. Be3 Qc7 13. f4 b5 14. a3 Rb8 15. Kh1 $146 ({Predecessor:} 15. Bf3 Bd7 16. Qf2 Be8 17. Rd2 a5 18. Rfd1 a4 19. Nc1 Na5 20. Be2 Nc4 21. Bxc4 Ng4 22. Qe2 Nxe3 23. Qxe3 bxc4 24. N3e2 Rxb2 {0-1 (23) Madsen,S (2365)-Holst,A (2300) Randers 1991}) 15... b4 16. axb4 Nxb4 17. Bf3 a5 18. Ra1 Nc6 (18... d5 $11 19. e5 Ne4 20. Bxe4 dxe4) 19. Qe2 $14 d5 20. e5 {[#] Strongly threatening Nb5.} Nd7 21. Nb5 Qb7 22. N5d4 a4 23. Rxa4 Nb6 24. Na5 $36 {[%mdl 2048] Keeping Black busy.} Nxa5 25. Rxa5 Bd7 26. b3 Bb4 27. Ra2 Ra8 28. Rfa1 Bc3 29. Rxa8 Rxa8 30. Rxa8+ Nxa8 31. h4 Nc7 32. Qd3 Qb4 33. Ne2 Be1 34. g3 Bb5 {[#]} 35. c4 (35. Qd4 $1 $16) 35... dxc4 $11 36. bxc4 Qxc4 37. Qxc4 (37. Qd8+ {feels hotter.} Ne8 38. Kg2 g6 39. Qd1 Bb4 40. Nd4) 37... Bxc4 38. Kg2 f6 39. exf6 gxf6 40. Bd4 Kf7 41. Bh5+ Ke7 42. Bc5+ Kd7 43. Bd4 f5 44. Ng1 Bd5+ 45. Bf3 Nb5 46. Bf2 Bc3 47. Bxd5 exd5 {[%mdl 4096] Endgame KBN-KBN} 48. Kf3 h5 49. Ke2 Nd6 50. Kd3 Ne4 51. Ne2 Ba5 52. Bg1 Be1 53. Nd4 Bxg3 {...Nd6 is the strong threat.} 54. Nxf5 Bxf4 55. Ng7 ({Better is} 55. Kd4 $1 $11) 55... Ng3 $1 $15 56. Bh2 $2 (56. Kd4 $15) 56... Bh6 $19 57. Bxg3 Bxg7 {KB-KB} 58. Bf2 Ke6 {Hoping for ...Kf5.} 59. Ke2 Kf5 60. Kf3 Bf6 61. Bg3 d4 $2 (61... Be5 $19 62. Bf2 Bf6) 62. Bf2 $11 {The position is equal.} d3 {White must now prevent ...Bb2.} 63. Ke3 Bd4+ 64. Kxd3 Bxf2 {Precision: White = 63%, Black = 59%.} 1/2-1/2

[Event "Vasteras Open 2018"]
[Site "Vasteras"]
[Date "2018.09.29"]
[Round "6"]
[White "Hector, Jonny"]
[Black "Storme, Isak"]
[Result "1-0"]
[WhiteElo "2507"]
[BlackElo "2260"]
[Annotator "TA"]
[PlyCount "65"]
[EventDate "2018.09.28"]
[EventCountry "SWE"]
[SourceTitle "playchess.com"]
[Source "ChessBase"]
[SourceQuality "1"]

{[%evp 34,64,39,19,38,50,32,20,214,204,212,197,193,193,526,530,506,493,631,673,625,307,638,641,5481,2542,29990,29991,29992,29987,29998,29999,29999]} 1. e4 c5 2. Nf3 d6 3. d4 cxd4 4. Nxd4 Nf6 5. Nc3 Nc6 6. Bg5 e6 7. Qd2 a6 8. O-O-O Bd7 {[%cal Bc8d7,Bd7c6,Bc6e4][%mdl 32]} 9. f4 b5 10. Bxf6 gxf6 11. Kb1 Qb6 12. Nxc6 Bxc6 13. f5 b4 {B67: Sicilian: Richter-Rauzer: 7...a6 8 0-0-0 Bd7, lines without 9 f4 Be7} 14. Ne2 e5 15. Ng3 h5 16. Bc4 h4 17. Nf1 Bxe4 18. Qe2 {LiveBook: 3 Games} Bxf5 19. Ne3 Be6 $1 {[#]} 20. Rhf1 $146 ({Predecessor:} 20. Nd5 Bxd5 21. Bxd5 {1-0 (48) Timofeev,A (2570)-Eliseev,U (2582) Moscow 2016}) 20... Bg7 $2 {[#]} (20... Be7 $1 $11) 21. Bxe6 $1 $18 fxe6 22. Nc4 Qc7 {...d5 is the strong threat.} 23. Nxd6+ Ke7 $2 (23... Kf8 {is more resistant.}) 24. Qg4 Rhg8 {intending ...Rad8.} 25. Qxb4 {[#] aiming for Nb5+.} Rab8 26. Qa3 {Black must now prevent Nb5+.} Kf8 27. Ne4+ (27. Nc4+ $142 Ke8 28. Qxa6) 27... Qe7 $2 (27... Kf7 28. Ng5+ (28. Qxa6 Rb6 $16) 28... Kg6) 28. Nc5 Rb5 29. Nxe6+ {[%cal Bc5e6,Be6g5,Bg5h7][%mdl 32]} Kf7 30. Ng5+ {White mates.} Ke8 31. Qf3 e4 32. Qh5+ Kf8 33. Nh7# {Precision: White = 71%, Black = 15%.} 1-0

[Event "Vasteras Open 2018"]
[Site "Vasteras"]
[Date "2018.09.29"]
[Round "6"]
[White "Johansson, Linus"]
[Black "Solodovnichenko, Yuri"]
[Result "1/2-1/2"]
[WhiteElo "2461"]
[BlackElo "2554"]
[Annotator "TA"]
[PlyCount "30"]
[EventDate "2018.09.28"]
[EventCountry "SWE"]
[SourceTitle "playchess.com"]
[Source "ChessBase"]
[SourceQuality "1"]

{[%evp 12,30,25,11,11,13,35,7,16,0,25,32,27,20,51,54,49,61,129,75,80]} 1. d4 {Krasenkow,M} d5 2. c4 dxc4 3. e3 Nf6 4. Bxc4 e6 5. Nf3 c5 6. O-O a6 7. Be2 {LiveBook: 6 Games. D27: Queen's Gambit Accepted: Classical main line: 7 e4!? and 7 a4} cxd4 8. Qxd4 $146 ({Predecessor:} 8. exd4 Nc6 9. Nc3 Be7 10. Be3 Ng4 11. Bf4 Nf6 12. Rc1 O-O 13. Na4 Nd5 14. Bg3 Bd6 15. Bd3 Nce7 16. Qb3 b6 17. Be4 Rb8 18. Rfe1 Bb7 19. Nc3 Nxc3 20. Bxb7 Nxa2 21. Qxa2 Rxb7 22. Qxa6 {0-1 (110) Aronian,L (2809)-Caruana,F (2807) Saint Louis 2017 CBM 180 [Krasenkow,M]}) 8... Qc7 9. a3 {White is slightly better.} Nc6 10. Qc3 Bd6 11. Nbd2 O-O 12. b4 e5 {[#] Strongly threatening ...e4.} 13. Bb2 Bf5 14. Nc4 Rac8 (14... Rad8 $14) 15. Nxd6 ({White should try} 15. Rfd1 Rfd8 16. Nxd6 Rxd6 17. Nxe5) 15... Qxd6 1/2-1/2

[Event "Vasteras Open 2018"]
[Site "Vasteras"]
[Date "2018.09.29"]
[Round "6"]
[White "Lindberg, Bengt"]
[Black "Ragnarsson, Dagur"]
[Result "0-1"]
[WhiteElo "2406"]
[BlackElo "2249"]
[Annotator "TA"]
[PlyCount "128"]
[EventDate "2018.09.28"]
[EventCountry "SWE"]
[SourceTitle "playchess.com"]
[Source "ChessBase"]
[SourceQuality "1"]

{[%evp 18,128,21,17,37,10,65,-27,21,2,0,0,3,-42,-33,-28,0,-39,-25,-70,-60,-73,-74,-67,-64,-71,-68,-75,-47,-61,-18,-19,-29,-26,20,-17,-20,-66,-59,-102,-96,-100,-101,-171,-176,-141,-111,-126,-94,-161,-93,-176,-176,-176,-176,-176,-176,-181,-181,-181,-170,-181,-185,-185,-185,-187,-181,-247,-241,-350,-339,-367,-274,-259,-257,-243,-229,-257,-240,-335,-321,-336,-335,-322,-317,-458,-447,-580,-570,-469,-552,-1160,-1011,-1805,-10822,-12843,-12843,-12844,-12844,-12845,-12845,-12846,-12846,-12847,-12847,-12847,-12848,-12849,-12846,-12848,-12848,-12849,-12849]} 1. e4 c5 2. Nf3 e6 3. d4 cxd4 4. Nxd4 Nc6 5. Nc3 Qc7 6. Be3 a6 7. Be2 b5 8. Nxc6 Qxc6 9. Bf3 Bb7 10. O-O Rc8 {B49: Sicilian: Taimanov: 5 Nc3 Qc7 6 Be3 a6 7 Be2} (10... Qc7 11. Qd2 Rc8 12. Rad1 d6 13. a3 Nf6 14. Bf4 Nd7 15. Bxd6 Bxd6 16. Qxd6 Qxd6 17. Rxd6 Ke7 18. Rfd1 {0-1 (37) Karjakin,S (2756)-Wang,Y (2723) Beijing 2013}) 11. Re1 Qc7 (11... Ne7 $11) 12. Qd4 (12. Nd5 $14 exd5 13. exd5) 12... Ne7 $146 {[%cal Bg8e7,Be7c6,Bc6e5,Be5c4][%mdl 32] Black has an edge.} ({Predecessor:} 12... Bd6 13. Qxg7 Bxh2+ 14. Kh1 Be5 15. Qg5 Ne7 16. Rad1 Rg8 17. Qh5 Ng6 18. a3 {0-1 (42) Gazis,E (2212)-Kouskoutis,G (2270) Nikaia 2017}) 13. Rad1 Nc6 14. Qd2 {And now Bb6! would win.} Ne5 15. Bd4 {Strongly threatening Bxe5.} Bd6 16. Be2 O-O 17. Be3 Bb4 18. Qd4 Bxc3 19. bxc3 Nc4 20. Bc1 Rfd8 21. Bf1 d6 22. f3 Qa5 23. a4 Qxa4 24. Bg5 $1 {Ra1 is the strong threat.} f6 {[#]} 25. Bxf6 $1 {[%mdl 512]} e5 (25... gxf6 26. Qxf6) 26. Qa7 (26. Bxc4+ $5 bxc4 27. Qb6 $14) 26... Rd7 $36 {[%mdl 2048] Black is pushing.} 27. Bg5 h6 28. Ra1 Qxc2 29. Rec1 Qb3 30. Bxc4+ (30. Rab1 $17 Qa3 31. Bxc4+ Rxc4 32. Bd2) 30... Qxc4 $19 (30... Rxc4 31. Bd2 $17) 31. Be3 Qd3 32. c4 Bc6 (32... bxc4 33. Rd1 $15) 33. Rd1 {[#]} (33. Qb6 $17 {was necessary.}) 33... Qe2 (33... Rxa7 34. Rxd3 Rd7 35. Rc1 $15) (33... Qxc4 $6 34. Qxa6 Bb7 35. Qb6 $15) (33... Qxd1+ $1 $19 {[%mdl 512]} 34. Rxd1 Rxa7 35. Bxa7 b4) 34. Re1 {[#]} (34. Qb6 $17 {is a better defense.}) 34... Qxe1+ $1 {[%mdl 512]} 35. Rxe1 Rxa7 36. Bxa7 bxc4 {[%mdl 4096] Endgame KRB-KRB} 37. Rc1 Ba4 38. Rc3 Kf7 39. Kf2 Bb3 40. Be3 Ke6 41. Bc1 Rc5 42. f4 (42. Bb2 $142) 42... Ra5 43. fxe5 (43. f5+ {keeps fighting.} Kf6 44. Re3) 43... Kxe5 ({Don't play} 43... Rxe5 44. Rg3 $19) 44. Bb2 {White wants to play Rxb3+.} Kxe4 45. Re3+ Kd5 46. Bxg7 h5 47. h3 Ra2+ 48. Kg3 Kc5 49. Rf3 Bc2 50. Rf2 d5 {[%cal Bd6d5,Bd5d4][%mdl 32]} 51. Kh4 (51. Bf8+ $142 Kb5 52. Kf4) 51... d4 {Black is clearly winning.} 52. Rf8 {White hopes to continue with Rc8+.} Be4 53. Rc8+ Bc6 54. Bxd4+ Kxd4 55. Rxc6 {KR-KR} Ra5 56. g4 hxg4 57. hxg4 c3 {[%cal Bc4c3,Bc3c2][%mdl 32]} 58. g5 Rc5 59. Rd6+ Ke5 60. Rd1 c2 61. Rc1 Kd4 62. g6 Kc3 63. g7 Rc8 64. Rf1 Rg8 {Precision: White = 36%, Black = 74%.} 0-1

[Event "Vasteras Open 2018"]
[Site "Vasteras"]
[Date "2018.09.29"]
[Round "6"]
[White "Sjodahl, Pontus"]
[Black "Cramling, Pia"]
[Result "1/2-1/2"]
[WhiteElo "2405"]
[BlackElo "2465"]
[Annotator "TA"]
[PlyCount "65"]
[EventDate "2018.09.28"]
[EventCountry "SWE"]
[SourceTitle "playchess.com"]
[Source "ChessBase"]
[SourceQuality "1"]

{[%evp 19,65,4,-17,-6,26,-5,33,31,41,24,24,22,19,36,33,35,25,0,24,0,100,80,101,92,106,97,105,79,140,120,134,71,102,85,136,83,94,87,87,58,46,31,14,7,6,6,74,-12]} 1. d4 Nf6 2. c4 e6 3. Nc3 Bb4 4. e3 O-O 5. Nge2 c6 6. a3 {E46: Nimzo-Indian: Rubinstein: 4 e3 0-0 5 Ne2 without early Bd3} Ba5 7. Qc2 d5 8. Ng3 Nbd7 9. Be2 dxc4 10. Bxc4 e5 {LiveBook: 22 Games} 11. O-O Bc7 12. Ba2 Nb6 $146 ({Predecessor:} 12... Re8 13. dxe5 Nxe5 14. Bd2 Qd3 15. Rac1 Qxc2 16. Rxc2 Be6 17. Bxe6 Rxe6 18. Nf5 {½-½ (18) Anand,V (2803)-Gajewski,G (2654) Berlin 2015}) 13. dxe5 Bxe5 14. Bd2 Qe7 15. Nce2 Rd8 16. Bb4 Qe8 17. e4 Be6 18. f4 Bc7 $1 19. b3 Bg4 (19... h5 $11) 20. Rae1 $16 Nbd7 21. Bb1 $36 {[%mdl 2048] [#] And now e5 would win. Black is under strong pressure.} g6 22. h3 Bxe2 23. Rxe2 Nf8 (23... a5 $142 24. Bc3 Qe7) 24. Bc3 Qe7 25. Qb2 (25. Kh1 $142) 25... N6d7 26. e5 Nc5 (26... Nb6 $142) 27. Rf3 ({White should try} 27. f5) 27... Rd1+ {[#]} 28. Kh2 $1 Rad8 29. Bc2 Nd3 30. Bxd3 R8xd3 31. Rxd3 Rxd3 32. Qc2 Rd8 (32... Qd8 $1 $11) 33. Bb4 {Precision: White = 52%, Black = 48%.} ({Better is} 33. Ne4 $16 Qxa3 34. Nf6+ Kh8 35. f5 gxf5 36. Qxf5) 1/2-1/2